000 00639nam a2200193Ia 4500
003 GCL
008 140319s9999 xx 000 0 ara d
040 _aGCL /
_cGCL
082 0 4 _a922.1
_bع ا
245 1 0 _aاخبار المصلوبين وقصص المعذبين فى العصرين الاموى والعباسى
260 _a[S.N] :
_bدار الفكر اللبنانى ،
_c1990
300 _a293 ص
490 _a
650 0 4 _aالفلسفة الاسلامية
650 0 4 _aالحركات الفكرية عند المسلمين
650 0 4 _aالتراجم
650 0 4 _aالفلاسفة المسلمون
942 _2ddc
_cBK
999 _c54243
_d54243